Tamaño óptimo de las inversiones (Registro nro. 28690)
[ vista simple ]
| 000 -LEADER | |
|---|---|
| fixed length control field | 00384 a2200109 4500 |
| 001 - CONTROL NUMBER | |
| control field | ART_23645 |
| 005 - DATE AND TIME OF LATEST TRANSACTION | |
| control field | 20260410161932.0 |
| 008 - FIXED-LENGTH DATA ELEMENTS--GENERAL INFORMATION | |
| fixed length control field | 260409a |
| 100 1# - MAIN ENTRY--PERSONAL NAME | |
| Personal name | Visintini, Alfredo |
| 245 10 - TITLE STATEMENT | |
| Title | Tamaño óptimo de las inversiones |
| 773 0# - HOST ITEM ENTRY | |
| Title | Revista de la Facultad de Ciencias Económicas de la Universidad de Cuyo |
| Related parts | - Año XXV, Nº 73/75 (ene./dic. 1973) |
| Record control number | REV22981 |
No hay ítems disponibles.